Żywe i martwe morze /

Hlavní autor: Rudnicki, Adolf, 1912-1990
Další autoři: Piotrowski, Mieczysław, 1910-1977
Jazyk: Polština
Vydáno: Warszawa : Książka i Wiedza, 1952
Fyzický popis: 510 s.
Knihy
Uloženo v:
LEADER 00707nam a22002052a 4500
001 001462910
003 CZ BrMZK
005 20151001111059.0
007 ta
008 150323s1952 pl er|||||||||||pol d
040 |a ABA004  |b cze  |c ABA004  |d ABA004  |d BOA001 
100 1 |a Rudnicki, Adolf,  |d 1912-1990  |7 ola2003169792  |4 aut 
245 1 0 |a Żywe i martwe morze /  |c Adolf Rudnicki ; ilustrował Mieczysław Piotrowski 
260 |a Warszawa :  |b Książka i Wiedza,  |c 1952 
300 |a 510 s. 
700 1 |a Piotrowski, Mieczysław,  |d 1910-1977  |7 js2005269358  |4 ill 
910 |a BOA001  |b 2-0299.265 
990 |a BK 
991 |b 201503 
996 7 |b 2618836992  |c 2-0299.265  |l MZK  |r Sklad / do 24 hodin  |n 0  |w 001497824  |u 000010  |a 1  |e BOA001  |j MZK50  |s A